| 000 | 00834nam a2200229 a 4500 | ||
|---|---|---|---|
| 001 | 48192 | ||
| 003 | BD-RjUL | ||
| 005 | 20211209054457.0 | ||
| 008 | 160813s2004 bg ||||| |||| 00| 0 ben d | ||
| 020 |
_a9843204816 _c: Tk.400.00 |
||
| 035 | _a(BD-RjUL)48311 | ||
| 040 |
_aBD-RjUL _bben _cBD-RjUL _dBD-RjUL |
||
| 041 | _aben | ||
| 082 |
_223 _a891.44108 _bRAK 2004 |
||
| 100 |
_aরশিদ, আ ফ ম আবদুর _9145974 |
||
| 245 | 1 | 0 |
_aকাব্যসমগ্র / _cআ ফ ম আবদুর রশিদ |
| 260 |
_aঢাকা : _bমোঃ ওয়াহেদ হোসেন, _c২০০৪ |
||
| 300 |
_a৬৭৪ পৃ. : _bচিত্র ; _c২৫ সেমি. |
||
| 650 |
_aবাংলা কবিতা _vসংগ্রহ _9137307 |
||
| 650 |
_aBengali Poetry _vCollection _9145975 |
||
| 942 |
_2ddc _cBK |
||
| 999 |
_c48192 _d48192 |
||